000 00427nam a2200181Ia 4500
005 20240823010258.0
008 240823s9999||||xx |||||||||||||| ||und||
041 _aENGLISH
082 _A621.38275 N9
100 _a"Senior,John M"
245 0 _aOptical Fiber Communications
250 _a2nd
260 _c1999
_b"PHI,New Delhi"
500 _aYES
650 _aElectronics
_bElectronics
942 _cBK
999 _c158154
_d158154